00645nam a2200193 450000500170000001000130001702000260003003500130005603700310006908200150010010000250011524501040014024600470024426000370029127000560032830000240038450000190040870000240042720180310123342.0 aB-667809 a9788131314036c350.00 aB-667809 bPrabhat Prakashan/Venadpl a909.820922 aSrivastava, Kamal S. a(101) One hundred one great leaders of the world /cby Kamal S.Srivastava [and] Sangeeta Srivastava aOne hundred one great leaders of the world aNew DelhibAPH Publishing c2017 a4435-36/7,Ansari Road,Darya GanjbNew Delhie110002 ax,339p. c22cm(pbk) aIncludes index aSrivastava,Sangeeta